000 00885nam a22002297a 4500
005 20180504165432.0
010 _a1718EN-30 B-682086-089
020 _a9789386050007
_c499.00
035 _aB-682086-089
037 _bPragati
_adpl
037 _bDBAD/PUB
082 _a880.8
100 _aNaguib Mahfouz
245 _aOn art,literature and history :
_cby Naguib Mahfouz ; transleted by Aran Byrne
_bthe non-fiction writing of Naguib Mahfouz/
260 _aNew Delhi
_bSpeaking Tiger
_c2016
270 _a4381/4,Ansari Road, Daryaganj,
_bNew Delhi
_e110002
300 _axvii,154p.
_c23cm(Hb)
505 _aVolume-1
700 _aByrne, Aran
942 _2ddc
_cEN
_mNAG
_h880.8
999 _c140962
_d140962